[Event "4NCL/2001-02/D3/MK-WS"]
[Site "Rd11-Birmingham"]
[Date "2002.05.06"]
[Round "11.8"]
[White "Wilcox, Charlotte"]
[Black "Williamson, Kevin J"]
[Result "0-1"]
[WhiteElo "1392"]
[BlackElo "1864"]
[PlyCount "68"]
[EventDate "2002.05.06"]
[EventCountry "ENG"]
[SourceTitle "BritBase"]
[Source "John Saunders"]
[SourceDate "2024.10.24"]
[SourceVersion "1"]
[SourceVersionDate "2024.10.24"]
[SourceQuality "1"]
[WhiteTeam "Warwickshire Select"]
[BlackTeam "Milton Keynes"]
[WhiteTeamCountry "ENG"]
[BlackTeamCountry "ENG"]

1. e4 e5 2. Nf3 d6 3. d4 exd4 4. Nxd4 g6 5. Bc4 Bg7 6. O-O Nc6 7. Nxc6 bxc6 8. c3 Ne7 9. Be3 O-O 10. Qc1 d5 11. Rd1 Re8 12. Bc5 Be6 13. exd5 cxd5 14. Bb3 c6 15. c4 Qa5 16. cxd5 cxd5 17. Ba3 Rac8 18. Qd2 Qb6 19. Nc3 d4 20. Na4 Qb5 21. Bc2 Nf5 22. b3 Qd5 23. Bb2 Bh6 24. Qd3 Red8 25. Qe2 Bg7 26. Bxf5 Bxf5 27. Rac1 Qd6 28. Rxc8 {=} Rxc8 29. Nc3 dxc3 30. Rxd6 cxb2 31. Rd1 Rc1 32. Qe8+ Bf8 33. Qe1 Rxd1 34. Qxd1 b1=Q 0-1

[Event "4NCL/2001-02/D3/NK-SWD2"]
[Site "Rd11-Birmingham"]
[Date "2002.05.06"]
[Round "11.1"]
[White "Evans-Quek, Suan Shiau"]
[Black "Trevelyan, John"]
[Result "1-0"]
[WhiteElo "2257"]
[BlackElo "2178"]
[PlyCount "51"]
[EventDate "2002.05.06"]
[EventType "team-match"]
[EventCountry "ENG"]
[SourceTitle "BritBase"]
[Source "John Saunders"]
[SourceDate "2024.10.24"]
[SourceVersion "1"]
[SourceVersionDate "2024.10.24"]
[SourceQuality "1"]
[WhiteTeam "Nidum Knights"]
[BlackTeam "South Wales Dragons 2"]
[WhiteTeamCountry "WLS"]
[BlackTeamCountry "WLS"]

1. g3 g6 2. Bg2 Bg7 3. d3 d5 4. Nf3 Nf6 5. O-O O-O 6. Nbd2 c5 7. e4 Nc6 8. exd5 Nxd5 9. Re1 b6 10. Nb3 Bb7 11. a4 Qd7 12. a5 Rad8 13. Nfd2 e5 14. Nc4 Qc7 15. Bg5 f6 16. Bd2 Rfe8 17. Qc1 Nd4 18. axb6 axb6 19. Nxd4 cxd4 20. c3 b5 21. Na3 Qb6 22. c4 bxc4 23. Nxc4 Qc6 24. Ra7 Bf8 25. Na5 Qxc1 26. Rxc1 1-0

[Event "4NCL/2001-02/D3/NK-SWD2"]
[Site "Rd11-Birmingham"]
[Date "2002.05.06"]
[Round "11.2"]
[White "May, Frank WLS"]
[Black "Williams, Leighton"]
[Result "0-1"]
[WhiteElo "2151"]
[BlackElo "2304"]
[PlyCount "50"]
[EventDate "2002.05.06"]
[EventType "team-match"]
[EventCountry "ENG"]
[SourceTitle "BritBase"]
[Source "John Saunders"]
[SourceDate "2024.10.24"]
[SourceVersion "1"]
[SourceVersionDate "2024.10.24"]
[SourceQuality "1"]
[WhiteTeam "South Wales Dragons 2"]
[BlackTeam "Nidum Knights"]
[WhiteTeamCountry "WLS"]
[BlackTeamCountry "WLS"]

1. d4 Nf6 2. c4 e6 3. Nf3 Bb4+ 4. Bd2 Qe7 5. g3 a5 6. Nc3 Bxc3 7. Bxc3 d6 8. Bg2 O-O 9. O-O Nc6 10. Qb1 e5 11. d5 Nd8 12. Rd1 Nd7 13. Nh4 Nb6 14. b3 f5 15. Bh3 Qf7 16. Nf3 Qh5 17. Bg2 Nf7 18. Qc2 Nd7 19. Bd2 Nf6 20. Qc1 f4 21. gxf4 Bh3 22. Bxh3 Qxh3 23. fxe5 dxe5 24. Nxe5 Nxe5 25. Bf4 Nfg4 0-1

[Event "4NCL/2001-02/D3/NK-SWD2"]
[Site "Rd11-Birmingham"]
[Date "2002.05.06"]
[Round "11.3"]
[White "Morris, Gareth D"]
[Black "Spice, Alan P"]
[Result "1/2-1/2"]
[WhiteElo "2175"]
[BlackElo "2201"]
[PlyCount "135"]
[EventDate "2002.05.06"]
[EventType "team-match"]
[EventCountry "ENG"]
[SourceTitle "BritBase"]
[Source "John Saunders"]
[SourceDate "2024.10.24"]
[SourceVersion "1"]
[SourceVersionDate "2024.10.24"]
[SourceQuality "1"]
[WhiteTeam "Nidum Knights"]
[BlackTeam "South Wales Dragons 2"]
[WhiteTeamCountry "WLS"]
[BlackTeamCountry "WLS"]

1. d4 e6 2. h3 c5 3. c3 Nf6 4. Nf3 Nc6 5. g3 d5 6. Bg2 Be7 7. O-O O-O 8. Nbd2 b5 9. Ne5 Nxe5 10. dxe5 Nd7 11. f4 Qb6 12. a4 Bb7 13. axb5 c4+ 14. Kh2 Nc5 15. b4 cxb3 16. Nxb3 Qxb5 17. Na5 Rab8 18. Nxb7 Rxb7 19. Be3 a5 20. c4 Qxc4 21. Rxa5 Qc3 22. Bd2 Qd4 23. Ra2 Rfb8 24. Qa1 Qc4 25. Bf3 Rb3 26. Rc1 Qb5 27. Ra5 Qb6 28. Be1 Ne4 29. Ra8 Qd8 30. Rxb8 Rxb8 31. Qa7 Ra8 32. Qb7 Nc5 33. Qb5 Rb8 34. Qa5 Nb3 35. Qxd8+ Bxd8 36. Rb1 Rb7 37. Kg2 Kf8 38. g4 Bc7 39. e3 Ke7 40. Bd1 Na5 41. Rxb7 Nxb7 42. Bb4+ Kd8 43. Bc2 Na5 44. Bc5 g6 45. e4 dxe4 46. Bxe4 Nc4 47. Bd3 Bb6 48. Bb4 Ne3+ 49. Kf3 Nd5 50. Bd2 Ke7 51. Ke4 f5+ 52. exf6+ Nxf6+ 53. Kf3 Nd5 54. Bc4 Bc5 55. h4 Bd6 56. Bc1 Kf7 57. f5 gxf5 58. gxf5 Nc7 59. Ke4 Ke7 60. Bg5+ Kd7 61. f6 Ke8 62. Bf4 Bxf4 63. Kxf4 Kf7 64. Ke5 Nd5 65. h5 Nxf6 66. Bxe6+ Kg7 67. h6+ Kxh6 68. Kxf6 1/2-1/2

[Event "4NCL/2001-02/D3/NK-SWD2"]
[Site "Rd11-Birmingham"]
[Date "2002.05.06"]
[Round "11.4"]
[White "Roberts, David L"]
[Black "Walsh, Chris"]
[Result "1-0"]
[WhiteElo "2120"]
[BlackElo "2202"]
[PlyCount "59"]
[EventDate "2002.05.06"]
[EventType "team-match"]
[EventCountry "ENG"]
[SourceTitle "BritBase"]
[Source "John Saunders"]
[SourceDate "2024.10.24"]
[SourceVersion "1"]
[SourceVersionDate "2024.10.24"]
[SourceQuality "1"]
[WhiteTeam "South Wales Dragons 2"]
[BlackTeam "Nidum Knights"]
[WhiteTeamCountry "WLS"]
[BlackTeamCountry "WLS"]

1. e4 e6 2. d4 d5 3. Nd2 Nf6 4. e5 Nfd7 5. Bd3 c5 6. c3 Nc6 7. Ne2 cxd4 8. cxd4 f6 9. exf6 Qxf6 10. Nf3 h6 11. Qc2 Bb4+ 12. Bd2 O-O 13. O-O Bd6 14. Bc3 Rd8 15. Ng3 Nf8 16. Rae1 Bd7 17. Ne5 Be8 18. f4 g6 19. Qe2 Ne7 20. Qg4 Qg7 21. Rf3 Nf5 22. Qh3 Kh7 23. Ne2 Ne7 24. g4 Nc6 25. Ng3 Nxe5 26. fxe5 Be7 27. Bd2 Kg8 28. Bxh6 Qh8 29. Ref1 Nh7 30. g5 1-0

[Event "4NCL/2001-02/D3/NK-SWD2"]
[Site "Rd11-Birmingham"]
[Date "2002.05.06"]
[Round "11.5"]
[White "Gandy, Andrew R"]
[Black "Adams, Mark A"]
[Result "1-0"]
[WhiteElo "2074"]
[BlackElo "2084"]
[PlyCount "73"]
[EventDate "2002.05.06"]
[EventType "team-match"]
[EventCountry "ENG"]
[SourceTitle "BritBase"]
[Source "John Saunders"]
[SourceDate "2024.10.24"]
[SourceVersion "1"]
[SourceVersionDate "2024.10.24"]
[SourceQuality "1"]
[WhiteTeam "Nidum Knights"]
[BlackTeam "South Wales Dragons 2"]
[WhiteTeamCountry "WLS"]
[BlackTeamCountry "WLS"]

1. d4 Nf6 2. c4 e6 3. Nf3 d5 4. cxd5 exd5 5. Bg5 Be7 6. Nc3 O-O 7. e3 h6 8. Bh4 c6 9. Qc2 b6 10. Bd3 Bb7 11. O-O Nbd7 12. Rad1 Re8 13. a3 Ne4 14. Bxe7 Qxe7 15. b4 a5 16. Bxe4 dxe4 17. Nd2 axb4 18. axb4 c5 19. dxc5 bxc5 20. b5 Nb6 21. Ra1 f5 22. Nb3 Rxa1 23. Rxa1 Ra8 24. Rxa8+ Bxa8 25. Na4 Nxa4 26. Qc4+ Qf7 27. Qxa4 Qd5 {=} 28. Nxc5 Bc6 29. bxc6 Qxc5 30. Qa8+ Kh7 31. h3 Qc1+ 32. Kh2 Qd2 33. Qb8 Qxf2 34. c7 f4 35. Qb1 Qg3+ 36. Kh1 f3 37. Qxe4+ 1-0

[Event "4NCL/2001-02/D3/NK-SWD2"]
[Site "Rd11-Birmingham"]
[Date "2002.05.06"]
[Round "11.6"]
[White "Miles, Richard J"]
[Black "Evans, Deborah M"]
[Result "1-0"]
[WhiteElo "2044"]
[BlackElo "2070"]
[PlyCount "62"]
[EventDate "2002.05.06"]
[EventType "team-match"]
[EventCountry "ENG"]
[SourceTitle "BritBase"]
[Source "John Saunders"]
[SourceDate "2024.10.24"]
[SourceVersion "1"]
[SourceVersionDate "2024.10.24"]
[SourceQuality "1"]
[WhiteTeam "South Wales Dragons 2"]
[BlackTeam "Nidum Knights"]
[WhiteTeamCountry "WLS"]
[BlackTeamCountry "WLS"]

1. Nf3 g6 2. d4 Bg7 3. c4 d6 4. Nc3 Nd7 5. e4 c5 6. d5 Ngf6 7. Be2 O-O 8. Bg5 h6 9. Bf4 Nh5 10. Be3 Bxc3+ 11. bxc3 Kh7 12. Qc1 Rh8 13. Bxh6 f6 14. O-O Ne5 15. Nxe5 dxe5 16. Be3 Qd6 17. a4 Nf4 18. Qd2 a5 19. g3 Nxe2+ 20. Qxe2 g5 21. f3 b6 22. Kh1 Kg6 23. f4 gxf4 24. gxf4 f5 25. Qg2+ Kf7 26. fxe5 Qxe5 27. Bf4 Qxc3 28. Rg1 Qh3 29. Qg6+ Kf8 30. Be5 Qf3+ 31. Rg2 Rg8 1-0

[Event "4NCL/2001-02/D3/NK-SWD2"]
[Site "Rd11-Birmingham"]
[Date "2002.05.06"]
[Round "11.7"]
[White "Tabatabai, John"]
[Black "Gilbert, Jonathan A"]
[Result "1/2-1/2"]
[WhiteElo "2062"]
[BlackElo "2087"]
[PlyCount "48"]
[EventDate "2002.05.06"]
[EventType "team-match"]
[EventCountry "ENG"]
[SourceTitle "BritBase"]
[Source "John Saunders"]
[SourceDate "2024.10.24"]
[SourceVersion "1"]
[SourceVersionDate "2024.10.24"]
[SourceQuality "1"]
[WhiteTeam "Nidum Knights"]
[BlackTeam "South Wales Dragons 2"]
[WhiteTeamCountry "WLS"]
[BlackTeamCountry "WLS"]

1. e4 c6 2. c4 d5 3. cxd5 cxd5 4. exd5 Nf6 5. Nc3 Nxd5 6. Nf3 e6 7. d4 Bb4 8. Bd2 Nc6 9. Bd3 Nf6 10. O-O O-O 11. Bg5 Be7 12. Rc1 Nb4 13. Bb1 Nbd5 14. Ne5 a6 15. a3 Bd7 16. Bxf6 Nxf6 17. d5 Bd6 18. Nxd7 Qxd7 19. dxe6 Qxe6 20. Re1 Qd7 21. Ne4 {=} Nxe4 22. Bxe4 Rad8 23. Qf3 Qb5 24. Qf5 Qxf5 1/2-1/2

[Event "4NCL/2001-02/D3/NK-SWD2"]
[Site "Rd11-Birmingham"]
[Date "2002.05.06"]
[Round "11.8"]
[White "Wilson, Julie C"]
[Black "Rees, Ioan L"]
[Result "0-1"]
[WhiteElo "1648"]
[BlackElo "1970"]
[PlyCount "68"]
[EventDate "2002.05.06"]
[EventType "team-match"]
[EventCountry "ENG"]
[SourceTitle "BritBase"]
[Source "John Saunders"]
[SourceDate "2024.10.24"]
[SourceVersion "1"]
[SourceVersionDate "2024.10.24"]
[SourceQuality "1"]
[WhiteTeam "South Wales Dragons 2"]
[BlackTeam "Nidum Knights"]
[WhiteTeamCountry "WLS"]
[BlackTeamCountry "WLS"]

1. d4 Nf6 2. c4 e6 3. Nf3 Bb4+ 4. Bd2 c5 5. Bxb4 cxb4 6. Nbd2 Nc6 7. e3 O-O 8. Bd3 d6 9. O-O e5 10. d5 Ne7 11. Qc2 Bg4 12. h3 Bh5 13. Nh4 Rc8 14. Qb1 Bg6 15. e4 Nd7 16. Be2 h6 17. Qe1 Bh7 18. Nhf3 Nc5 19. Bd1 f5 20. Bc2 fxe4 21. Nxe4 Nxe4 22. Bxe4 Bxe4 23. Qxe4 Rf4 24. Qe3 Rfxc4 25. Qxa7 b6 26. Qa4 Nxd5 27. Rad1 R8c5 28. Qb3 Qc7 29. Rd2 Nf4 30. Re1 Kh8 31. Kh2 {=} Ne6 32. Nh4 Nd4 33. Qg3 g5 34. Nf3 Nf5 0-1

[Event "4NCL/2001-02/D3/PP2-GUI3"]
[Site "Rd11-Birmingham"]
[Date "2002.05.06"]
[Round "11.1"]
[White "Day, Tom W"]
[Black "Broomfield, Matthew P"]
[Result "1/2-1/2"]
[WhiteElo "2115"]
[BlackElo "2235"]
[PlyCount "135"]
[EventDate "2002.05.06"]
[EventCountry "ENG"]
[SourceTitle "BritBase"]
[Source "John Saunders"]
[SourceDate "2024.10.24"]
[SourceVersion "1"]
[SourceVersionDate "2024.10.24"]
[SourceQuality "1"]
[WhiteTeam "Poisoned Pawns 2"]
[BlackTeam "Guildford-ADC 3"]
[WhiteTeamCountry "ENG"]
[BlackTeamCountry "ENG"]

1. d4 Nf6 2. c4 e6 3. Nf3 b6 4. Bg5 Bb7 5. e3 Be7 6. Nc3 c5 7. Be2 O-O 8. O-O cxd4 9. Nxd4 a6 10. a3 Nc6 11. b4 h6 12. Bh4 Rc8 13. Bf3 Qc7 14. Bg3 d6 15. c5 bxc5 16. bxc5 Nxd4 17. exd4 Bxf3 18. Qxf3 Qc6 19. Qxc6 Rxc6 20. cxd6 Bxd6 21. Bxd6 Rxd6 22. Ne2 Rb8 23. Rfb1 Rdb6 24. Rxb6 Rxb6 25. f3 Rb2 26. Kf2 Kf8 27. Ke3 Ke7 28. a4 Nd5+ 29. Kd3 a5 30. Rc1 Ra2 31. Rc4 Nb4+ 32. Ke3 Rxa4 33. Rc7+ Kf6 34. Nc3 Nd5+ 35. Ke4 Nxc3+ 36. Rxc3 Ra2 37. g4 g5 38. h3 Re2+ 39. Kd3 Rh2 40. Ra3 Rxh3 41. Ke4 h5 42. gxh5 Rxh5 43. Rxa5 Rh4+ 44. Ke3 Rf4 45. Ra6 Rf5 46. Ke4 Rb5 47. Ra3 Rb1 48. Ke3 Rb7 49. Rc3 Ke7 50. Rd3 Kd6 51. Ra3 Rb5 52. Ra8 Rb3+ 53. Ke2 Kd5 54. Rd8+ Kc4 55. Rd7 f5 56. Rd6 Rb2+ 57. Kf1 f4 58. Rxe6 Kxd4 59. Re4+ Kd3 60. Re6 Kd4 61. Re4+ Kd5 62. Re8 Rb5 63. Ke2 Kd6 64. Kf2 Re5 65. Ra8 Ke7 66. Kg2 Re2+ 67. Kh3 Rf2 68. Kg4 1/2-1/2

[Event "4NCL/2001-02/D3/PP2-GUI3"]
[Site "Rd11-Birmingham"]
[Date "2002.05.06"]
[Round "11.2"]
[White "Anderton, Matthew N"]
[Black "Goodger, Martyn"]
[Result "1/2-1/2"]
[WhiteElo "2207"]
[BlackElo "2143"]
[PlyCount "38"]
[EventDate "2002.05.06"]
[EventCountry "ENG"]
[SourceTitle "BritBase"]
[Source "John Saunders"]
[SourceDate "2024.10.24"]
[SourceVersion "1"]
[SourceVersionDate "2024.10.24"]
[SourceQuality "1"]
[WhiteTeam "Guildford-ADC 3"]
[BlackTeam "Poisoned Pawns 2"]
[WhiteTeamCountry "ENG"]
[BlackTeamCountry "ENG"]

1. e4 e5 2. Nf3 Nf6 3. Nxe5 d6 4. Nf3 Nxe4 5. d4 d5 6. Bd3 Bd6 7. O-O O-O 8. c4 c6 9. Nc3 Nxc3 10. bxc3 dxc4 11. Bxc4 Bg4 12. Qd3 Bh5 13. Ng5 Bg6 14. Qf3 Nd7 15. Re1 Nf6 16. Nh3 Bh5 17. Qf5 Bg6 18. Qf3 Bh5 19. Qf5 Bg6 1/2-1/2

[Event "4NCL/2001-02/D3/PP2-GUI3"]
[Site "Rd11-Birmingham"]
[Date "2002.05.06"]
[Round "11.3"]
[White "Retallick, Lloyd"]
[Black "Briscoe, Christopher"]
[Result "1/2-1/2"]
[WhiteElo "1992"]
[BlackElo "2157"]
[PlyCount "64"]
[EventDate "2002.05.06"]
[EventCountry "ENG"]
[SourceTitle "BritBase"]
[Source "John Saunders"]
[SourceDate "2024.10.24"]
[SourceVersion "1"]
[SourceVersionDate "2024.10.24"]
[SourceQuality "1"]
[WhiteTeam "Poisoned Pawns 2"]
[BlackTeam "Guildford-ADC 3"]
[WhiteTeamCountry "ENG"]
[BlackTeamCountry "ENG"]

1. d4 Nf6 2. c4 Nc6 3. Nf3 e6 4. Nc3 Bb4 5. Qc2 d6 6. a3 Bxc3+ 7. Qxc3 a5 8. b3 Qe7 9. e3 O-O 10. Be2 e5 11. dxe5 dxe5 12. Qc2 Bg4 13. O-O Rfe8 14. Bb2 Qc5 15. h3 Bh5 16. Nh4 Bg6 17. Nxg6 hxg6 18. Rad1 b5 19. Rd2 b4 20. a4 {=} Rad8 21. Rfd1 Rd6 22. Rxd6 cxd6 23. Qd2 Rd8 24. Qc1 Nb8 25. Bf3 {=} Na6 26. Bd5 Qc7 27. e4 Nc5 28. Qc2 Nh5 29. g3 Qe7 30. Bc1 Qf6 31. Be3 Kh7 32. Bxc5 dxc5 1/2-1/2

[Event "4NCL/2001-02/D3/PP2-GUI3"]
[Site "Rd11-Birmingham"]
[Date "2002.05.06"]
[Round "11.4"]
[White "Shepley, Julien M"]
[Black "Winfridsson, Ola"]
[Result "1/2-1/2"]
[WhiteElo "2108"]
[BlackElo "2032"]
[PlyCount "82"]
[EventDate "2002.05.06"]
[EventCountry "ENG"]
[SourceTitle "BritBase"]
[Source "John Saunders"]
[SourceDate "2024.10.24"]
[SourceVersion "1"]
[SourceVersionDate "2024.10.24"]
[SourceQuality "1"]
[WhiteTeam "Guildford-ADC 3"]
[BlackTeam "Poisoned Pawns 2"]
[WhiteTeamCountry "ENG"]
[BlackTeamCountry "ENG"]

1. Nc3 d5 2. e4 c6 3. Nf3 Bg4 4. h3 Bxf3 5. Qxf3 Nf6 6. e5 Nfd7 7. d4 Qb6 8. Qd3 e6 9. Be3 c5 10. dxc5 Bxc5 11. Bxc5 Nxc5 12. Qb5+ Qc6 13. Qb4 O-O 14. Bd3 Nbd7 15. f4 Qb6 16. Qxb6 Nxb6 17. O-O-O Rac8 18. g4 Nxd3+ 19. Rxd3 Rc4 20. Rf1 Rfc8 21. Rf2 Nd7 22. Nb5 Nc5 23. Ra3 Ne4 24. Re2 a6 25. Nd6 Nxd6 26. exd6 Rxf4 27. Rb3 b5 28. Ra3 Ra4 29. Ree3 Kf8 30. Rxa4 bxa4 31. d7 Rd8 32. Ra3 Rxd7 33. Rxa4 Rd6 34. Rb4 Ke7 35. Rb8 f5 36. gxf5 exf5 37. a4 f4 38. Kd2 Re6 39. a5 g5 40. Rb7+ Kf6 41. Rxh7 Kf5 1/2-1/2

[Event "4NCL/2001-02/D3/PP2-GUI3"]
[Site "Rd11-Birmingham"]
[Date "2002.05.06"]
[Round "11.5"]
[White "Quintana, Marcos I"]
[Black "Punnett, Alan Kenneth"]
[Result "0-1"]
[WhiteElo "1850"]
[BlackElo "2121"]
[PlyCount "84"]
[EventDate "2002.05.06"]
[EventCountry "ENG"]
[SourceTitle "BritBase"]
[Source "John Saunders"]
[SourceDate "2024.10.24"]
[SourceVersion "1"]
[SourceVersionDate "2024.10.24"]
[SourceQuality "1"]
[WhiteTeam "Poisoned Pawns 2"]
[BlackTeam "Guildford-ADC 3"]
[WhiteTeamCountry "ENG"]
[BlackTeamCountry "ENG"]

1. e4 e6 2. d4 d5 3. Nc3 Nf6 4. Bg5 Bb4 5. e5 h6 6. Bd2 Bxc3 7. bxc3 Ne4 8. Bd3 Nxd2 9. Qxd2 c5 10. f4 Nc6 11. Nf3 Qa5 12. c4 dxc4 13. Qxa5 Nxa5 14. Be4 cxd4 15. Nxd4 Bd7 16. Rb1 a6 17. Rb6 O-O-O 18. Ke2 Kc7 19. Rhb1 Bb5 20. Nxb5+ Kxb6 21. Nd6+ Kc5 22. Nxf7 Rd4 23. Nxh8 Rxe4+ 24. Kf3 Rd4 25. Ke3 c3 26. Rc1 Rd2 27. Nf7 Nc4+ 28. Kf3 Rd7 29. Nd6 Nxd6 30. Rd1 b5 31. a3 a5 32. exd6 Rxd6 33. Re1 b4 34. Re5+ Rd5 35. axb4+ axb4 36. Rxe6 b3 37. Re3 Kb4 38. Re4+ Ka3 39. cxb3 Kxb3 40. Re7 c2 41. Rb7+ Kc4 42. Rc7+ Rc5 0-1

[Event "4NCL/2001-02/D3/PP2-GUI3"]
[Site "Rd11-Birmingham"]
[Date "2002.05.06"]
[Round "11.6"]
[White "Sharp, Peter"]
[Black "James, Stephen B"]
[Result "1-0"]
[WhiteElo "2104"]
[BlackElo "1904"]
[PlyCount "77"]
[EventDate "2002.05.06"]
[EventCountry "ENG"]
[SourceTitle "BritBase"]
[Source "John Saunders"]
[SourceDate "2024.10.24"]
[SourceVersion "1"]
[SourceVersionDate "2024.10.24"]
[SourceQuality "1"]
[WhiteTeam "Guildford-ADC 3"]
[BlackTeam "Poisoned Pawns 2"]
[WhiteTeamCountry "ENG"]
[BlackTeamCountry "ENG"]

1. d4 Nf6 2. c4 g6 3. Nc3 Bg7 4. Nf3 O-O 5. Bg5 h6 6. Bh4 d6 7. e3 c5 8. h3 cxd4 9. Nxd4 Nc6 10. Nb3 Be6 11. Qd2 Ne5 12. Bxf6 Bxf6 13. Nd5 Bg7 14. f4 Nc6 15. Be2 Bf5 16. Bf3 e6 17. Nc3 e5 18. O-O exf4 19. exf4 Nb4 20. Nd5 Nxd5 21. Bxd5 a5 22. Kh1 Qb6 23. Rad1 Rfe8 24. Qf2 Qb4 25. Nd4 Be4 26. f5 Bxd5 27. cxd5 Re4 28. fxg6 Rxd4 29. gxf7+ Kf8 30. Rde1 Re4 31. a3 Qd4 32. Rxe4 Qxe4 33. Qd2 Qd4 34. Qc2 Qxb2 35. Qh7 Ke7 36. Rb1 Qd2 37. Qxg7 Rf8 38. Rxb7+ Kd8 39. Qxf8# 1-0

[Event "4NCL/2001-02/D3/PP2-GUI3"]
[Site "Rd11-Birmingham"]
[Date "2002.05.06"]
[Round "11.7"]
[White "Butland, Nicholas"]
[Black "Smart, Michael"]
[Result "1/2-1/2"]
[WhiteElo "1792"]
[BlackElo "1960"]
[PlyCount "122"]
[EventDate "2002.05.06"]
[EventCountry "ENG"]
[SourceTitle "BritBase"]
[Source "John Saunders"]
[SourceDate "2024.10.24"]
[SourceVersion "1"]
[SourceVersionDate "2024.10.24"]
[SourceQuality "1"]
[WhiteTeam "Poisoned Pawns 2"]
[BlackTeam "Guildford-ADC 3"]
[WhiteTeamCountry "ENG"]
[BlackTeamCountry "ENG"]

1. e4 Nf6 2. e5 Nd5 3. d4 d6 4. c4 Nb6 5. f4 dxe5 6. fxe5 c5 7. d5 e6 8. Nc3 exd5 9. cxd5 c4 10. Be3 Bb4 11. Bxb6 axb6 12. Be2 Qh4+ 13. g3 Qe4 14. Nf3 Bh3 15. Rg1 Bg4 16. Qd2 Bxc3 17. Qxc3 O-O 18. Kf2 b5 19. Qe3 Qc2 20. Nd4 Qg6 21. Bxg4 Qxg4 22. Kg2 Qd7 23. Qf3 Na6 24. Nf5 Nb4 25. a3 Nc2 26. Nxg7 Qxd5 27. Qxd5 Ne3+ 28. Kh3 Nxd5 29. Nf5 b4 30. axb4 Nxb4 31. Nd6 b5 32. Nxb5 Nd3 33. Rxa8 Rxa8 34. Nd6 Nxe5 35. Rg2 Ra6 36. Nf5 Rf6 37. g4 Nd3 38. Rc2 h5 39. Ne7+ Kf8 40. Nd5 hxg4+ 41. Kg3 Rf3+ 42. Kxg4 Ne5+ 43. Kh4 Rd3 44. Nf4 Rf3 45. Nd5 Kg7 46. Rg2+ Kf8 47. Re2 Nd3 48. Kg4 Rf1 49. Ne3 Ne5+ 50. Kg3 Rb1 51. Rc2 {=} Rg1+ 52. Kf2 Rh1 53. Kg2 Rb1 54. Nxc4 Nxc4 55. Rxc4 Rxb2+ 56. Kg3 Rb3+ 57. Kg4 Kg7 58. h4 Rb1 59. Rc7 Rg1+ 60. Kf5 Rf1+ 61. Kg5 Ra1 1/2-1/2

[Event "4NCL/2001-02/D3/PP2-GUI3"]
[Site "Rd11-Birmingham"]
[Date "2002.05.06"]
[Round "11.8"]
[White "Longson Hegarty, Sarah N"]
[Black "Aarons, Poppy"]
[Result "1-0"]
[WhiteElo "1608"]
[BlackElo "1464"]
[PlyCount "133"]
[EventDate "2002.05.06"]
[EventCountry "ENG"]
[SourceTitle "BritBase"]
[Source "John Saunders"]
[SourceDate "2024.10.24"]
[SourceVersion "1"]
[SourceVersionDate "2024.10.24"]
[SourceQuality "1"]
[WhiteTeam "Guildford-ADC 3"]
[BlackTeam "Poisoned Pawns 2"]
[WhiteTeamCountry "ENG"]
[BlackTeamCountry "ENG"]

1. e4 e6 2. d3 d5 3. Nd2 Nf6 4. f4 c5 5. Ngf3 Nc6 6. Be2 Qb6 7. c4 Be7 8. O-O Qc7 9. e5 Ng4 10. Nb3 Nh6 11. Be3 b6 12. h3 Nf5 13. Bf2 g6 14. a4 Bb7 15. g4 Ng7 16. Qc2 h5 17. Kg2 O-O-O 18. g5 Nb4 19. Qc3 a5 20. Rfc1 d4 21. Qd2 Qd7 22. Qd1 Nf5 23. Kg1 Ne3 24. Bxe3 Bxf3 25. Bf2 Bc6 26. Nd2 Qb7 {=} 27. Kh2 Qc7 28. h4 Bb7 29. Be1 Nc6 30. Bf3 Bf8 31. Bg3 Ne7 32. Ne4 Nf5 33. Bf2 Bg7 34. Ra3 Bc6 35. Nd2 Qd7 36. Qh1 Bxf3 37. Qxf3 Qb7 38. Ne4 Kb8 39. Rb3 Ka7 40. Qd1 Qc6 41. Rb5 Qc7 42. Qb3 Rb8 43. Be1 Rb7 44. Ra1 Bf8 45. Ra3 Ne3 46. Kg1 Be7 47. Bd2 Nf5 48. Be1 Ne3 49. Bf2 Ng4 50. Qd1 Nxf2 51. Kxf2 Rd8 52. Qe1 Bf8 {=} 53. Ra1 Be7 54. Qd2 Ra8 55. Qe2 Rc8 56. Nd2 Qc6 57. Nb1 Qh1 58. Kg3 Qg1+ 59. Qg2 Qd1 60. Qf3 Qg1+ 61. Kh3 Qe1 62. Rb3 Qc1 63. Rba3 Qxb2 64. R3a2 Qc1 65. Nd2 Qc3 66. Qe2 Rd8 67. Ne4 1-0

[Event "4NCL/2001-02/D3/WR2-MSL"]
[Site "Rd11-Birmingham"]
[Date "2002.05.06"]
[Round "11.1"]
[White "Gourlay, Iain"]
[Black "Ghasi, Ameet K"]
[Result "1/2-1/2"]
[WhiteElo "2193"]
[BlackElo "2290"]
[PlyCount "85"]
[EventDate "2002.05.06"]
[EventType "team-match"]
[EventCountry "ENG"]
[SourceTitle "BritBase"]
[Source "John Saunders"]
[SourceDate "2024.10.24"]
[SourceVersion "1"]
[SourceVersionDate "2024.10.24"]
[SourceQuality "1"]
[WhiteTeam "White Rose 2"]
[BlackTeam "Mind Sports Ltd"]
[WhiteTeamCountry "ENG"]
[BlackTeamCountry "ENG"]

1. Nf3 Nf6 2. g3 g6 3. Bg2 Bg7 4. c4 O-O 5. O-O d6 6. Nc3 Nc6 7. d3 e5 8. Rb1 a5 9. a3 h6 10. b4 axb4 11. axb4 Nh5 12. b5 Ne7 13. Nd5 Nxd5 14. cxd5 f5 15. b6 cxb6 16. Be3 Nf6 17. Bxb6 Qe7 18. Qb3 Bd7 19. Nd2 Rf7 20. Rfc1 Ne8 21. Ra1 Ra6 22. Ra2 h5 23. Ba5 Bh6 24. Rcc2 b6 25. Bxb6 Rxa2 26. Rxa2 h4 27. Nf1 f4 28. Ra8 Qf8 29. Qb4 Kg7 30. Bf3 hxg3 31. hxg3 Qh8 32. Bc7 Qf8 33. Bb6 Bg5 34. Rb8 Qh8 35. Bd8 Qh6 36. Bxg5 Qxg5 37. Rb7 Kf8 38. Rb6 Rh7 39. Rxd6 Nxd6 40. Qxd6+ Kg8 41. Be4 Rg7 42. Bg2 Kh7 43. Qc5 1/2-1/2

[Event "4NCL/2001-02/D3/WR2-MSL"]
[Site "Rd11-Birmingham"]
[Date "2002.05.06"]
[Round "11.2"]
[White "Kenworthy, Gary"]
[Black "Van Kemenade, Rudy"]
[Result "0-1"]
[WhiteElo "2274"]
[BlackElo "2124"]
[PlyCount "72"]
[EventDate "2002.05.06"]
[EventType "team-match"]
[EventCountry "ENG"]
[SourceTitle "BritBase"]
[Source "John Saunders"]
[SourceDate "2024.10.24"]
[SourceVersion "1"]
[SourceVersionDate "2024.10.24"]
[SourceQuality "1"]
[WhiteTeam "Mind Sports Ltd"]
[BlackTeam "White Rose 2"]
[WhiteTeamCountry "ENG"]
[BlackTeamCountry "ENG"]

1. c4 g6 2. g3 Bg7 3. Bg2 Nc6 4. Nc3 d6 5. e3 e5 6. Nge2 h5 7. h3 Be6 8. d4 exd4 9. Nxd4 Nge7 10. Nxe6 fxe6 11. Ne4 Nf5 12. Qb3 Qd7 13. Qxb7 O-O 14. Ng5 Ne5 15. Nxe6 Nd3+ 16. Ke2 Nxf2 17. Kxf2 Qxe6 18. Bf3 Kh8 19. Qd5 Qe7 20. Qxa8 Rxa8 21. Bxa8 h4 22. Bd5 hxg3+ 23. Ke2 c6 24. Bg2 Qf7 25. Be4 g2 26. Bxg2 Ng3+ 27. Ke1 Qxc4 28. Bf3 Nxh1 29. Bxh1 Bf6 30. Bg2 Qc2 31. Bd2 Bxb2 32. Rd1 Qd3 33. Kf2 Bf6 34. Kg1 Qe2 35. Rf1 Be5 36. Be1 Qxa2 0-1